| 000 | 00712nmc a2200265 a 4500 | ||
|---|---|---|---|
| 003 | AR-BaBNM | ||
| 005 | 20251128211349.0 | ||
| 008 | 014020s[200 ||||||||||||||000 | spa|| | ||
| 020 | _a84-392-0908-8 | ||
| 040 | _cAR-BaBNM | ||
| 100 | 1 |
_aTwain, Mark _d1835-1910 |
|
| 245 | 1 | 0 | _aLas aventuras de Tom Sawyer |
| 260 |
_aMadrid _bEdiciones Gaviota _c[2001] |
||
| 300 | 0 |
_a187 p. _bláms. |
|
| 490 | 0 | _aBiblioteca universal de clásicos juveniles | |
| 650 | 4 | _aSIGLO DIECINUEVE | |
| 650 | 4 | _aLITERATURA ESTADOUNIDENSE | |
| 650 | 4 | _aHUMOR | |
| 653 | 0 | _aLITERATURA JUVENIL | |
| 653 | 0 | _aNOVELA DE AVENTURAS | |
| 653 | 0 | _aNOVELA DE APRENDIZAJE | |
| 655 | _aLITERATURA | ||
| 942 | _cBK | ||
| 998 | _cmartin | ||
| 999 |
_c19346 _d19346 |
||